LEADER 00816nam a2200193 i 4500 001 000000234369 003 CaOOAMICUS 005 20141014000000.0 008 141014s1687 it u000 u fre u 013 $a213272 026 $ai-le inE, s-nt coqu (3) 1687 (R) 040 $aSeMil$bita 245 10$aTome 5. 300 $a[64], 312 p. 500 $aSegn. : a8 e4 i8 04 u8, A-Z8-4, Aa-Cc8-4. 773 0 $aVarillas, Antoine : de <1624-1696>$tHistoire des revolutions arrivées dans l'Europe en matière de Religion. Par ... Varillas. Tome 1. [-12.].$dA Paris : Chez Claude Barbin, au palais, sur le second Perron de la Sainte Chapelle, 1686-1689.$g5$w()30695 850 $aSeMil 852 $aSeMil$W1$xVenegono$y1$m3A I 136 FA$j184715$B184715$CSeMilBibl$Z2$F195706 $8I 996 $6245$aTome 5$9(OLS)http://semarc/title/1596 LEADER 00881nam a2200217 i 4500 001 000000194430 003 CaOOAMICUS 005 20101115000000.0 008 101115s1962 it u000 u ita u 013 $a173082 040 $aSeMil$bita 100 1 $aLeccisotti, Tommaso,$c.$0(OLS)http://semarc/name/1750 245 13$aIl Cardinale Dusmet /$cDon Tommaso Leccisotti Cassinese. 260 $aCatania :$bO. V. E.,$cstampa 1962. 300 $aXIX, 684 p., [33] p. di tav. :$bill. ;$c25 cm. 500 $aContiene : Bibliografia. 600 14$aDusmet, Giuseppe Benedetto .$0(OLS)http://semarc/subject/31380 850 $aSeMil 852 $aSeMil$W1$xVenegono$y1$m3J V 133$j145004$B145004$CSeMilBibl$Z2$F156463 $81 996 $6245$aIl Cardinale Dusmet$9(OLS)http://semarc/title/271773 996 $6260$aCatania :$bO. V. E.$9(OLS)http://semarc/publisher/50606